000 00505nam a2200205Ia 4500
003 OSt
005 20140402135455.0
008 140130s9999 xx 000 0 und d
020 _a0439357594
050 _aPR 3011
_b.C622 2006
100 _aClaybourne, Anna
245 _cAnna Claybourne.
_aThe World Of Shakespeare /
260 _bScholastic,
_c2006.
_aU.S.A :
300 _a64 p. :
_bcol. ill. ;
_c23 cm.
440 _v1
521 _aG11
526 _c1090
942 _cBK
_2lcc
999 _c41423
_d41423